000 00671nam a2200229 4500
001 6049
010 _a9789727424887
021 _b489474/21
090 _a6049
100 _a20251001d2021 cd y0pory50030103ba
200 1 _aZigzaga na net
_fFátima Éffe
_gil. Ana Seixas
210 9 _aLisboa
_cCIS - Centro de Sensibilização
_cCentro de Sensibilização SeguraNet
_d2021
215 _a[32] p.
_cil.
606 _94155
_aCiência
606 _93851
_aTecnologia
675 _a087.5
_vBN
_zpor
675 _a004.73.05(0.053.5)
_vBN
_zpor
700 _aÉffe
_bFátima
_95747
702 _aSeixas
_bAna
_95748
801 0 _aPT
_bBEN2VN
_gRPC
830 _cTânia Croca
_d01/10/2025
990 _cLIVROS